The flamingos of the Camargue /

Bibliographic Details
Main Author: Gallet, Etienne
Format: Book
Language:English
French
Published: Oxford : Blackwell, 1950
Subjects:

MARC

Tag First Indicator Second Indicator Subfields
LEADER 00000cam a2200000 4500
001 in00000050649
005 20151007073814.0
008 730222c19501949enkf b 00010 eng u
010 |a  51020420  
035 |a (OCoLC)00563201 
035 |9 AAF0416AM 
040 |c OUN  |d TXA  |d UtOrBLW 
041 1 |a eng  |a fre 
049 |a TXAM  |c [193376] 
050 0 |a QL696.P45  |b G32 
082 0 |a 598.34 
092 |a 598.2  |b G167f 
100 1 |a Gallet, Etienne. 
245 1 4 |a The flamingos of the Camargue /  |c With 53 photographic illus. by the author. 
264 1 |a Oxford :  |b Blackwell,  |c 1950 
264 4 |c [©1949] 
300 |a 127 pages :  |b plates. ;  |c 24 cm. 
336 |a text  |b txt  |2 rdacontent 
337 |a unmediated  |b n  |2 rdamedia 
338 |a volume  |b nc  |2 rdacarrier 
500 |a "Translated from the French by Sumner Austin."--Dust jacket. 
504 |a Bibliography: page 127. 
650 0 |a Flamingos. 
999 |a MARS 
999 f f |s d825d24d-6c12-388a-9ff9-793b7e810d93  |i 287d6c71-75a7-3b5d-96ee-dcf9ef0e295d  |t 0 
952 f f |p ric  |a Texas A&M University  |b Rellis Campus  |c Joint Library Facility  |d Remote Storage  |t 0  |e QL696.P45 G32  |h Library of Congress classification  |i unmediated -- volume  |m A14801021072 
998 f f |a QL696.P45 G32  |t 0  |l Remote Storage